The noble scholar, jurist, historian


 His Excellency Dr. Abdul Wahhab bin Ibrahim Abu Sulaiman, may Allah have mercy on him.


 He was born in Umm Al-Qura in the year 1356 AH.

الإيضاح لقوانين الاصطلاح : (Record no. 7254)

MARC details
000 -LEADER
fixed length control field 01662cam a22003131i 4500
003 - CONTROL NUMBER IDENTIFIER
control field SA-RiAUC
005 - DATE AND TIME OF LATEST TRANSACTION
control field 20250421075227.0
008 - FIXED-LENGTH DATA ELEMENTS--GENERAL INFORMATION
fixed length control field 241102s1991 su g b 00000 ara c
040 ## - CATALOGING SOURCE
Original cataloging agency SA-RiAUC
Language of cataloging ara
Transcribing agency SA-RiAUC
Description conventions rda
082 04 - DEWEY DECIMAL CLASSIFICATION NUMBER
Classification number 251
Assigning agency SA-RiAUC
090 ## - LOCALLY ASSIGNED LC-TYPE CALL NUMBER (OCLC); LOCAL CALL NUMBER (RLIN)
Classification number (OCLC) (R) ; Classification number, CALL (RLIN) (NR) 251
Local cutter number (OCLC) ; Book number/undivided call number, CALL (RLIN) ا ب ن ج
100 1# - MAIN ENTRY--PERSONAL NAME
Personal name ابن الجوزي، يوسف بن قزأوغلي بن عبد الله،
Dates associated with a name 581-654 هجري
Relator term مؤلف.
245 12 - TITLE STATEMENT
Title الإيضاح لقوانين الاصطلاح :
Remainder of title (في الجدل الأصولي الفقهي) /
Statement of responsibility, etc. لأبي محمد يوسف بن عبد الرحمن بن علي الجوزي الحنبلي ؛ حققه وعلق عليه وقدم له د. فهد بن محمد فهد السدحان.
250 ## - EDITION STATEMENT
Edition statement الطبعة الأولى.
264 #1 - PRODUCTION, PUBLICATION, DISTRIBUTION, MANUFACTURE, AND COPYRIGHT NOTICE
Place of production, publication, distribution, manufacture الرياض :
Name of producer, publisher, distributor, manufacturer مكتبة العبيكان،
Date of production, publication, distribution, manufacture, or copyright notice 1991
300 ## - PHYSICAL DESCRIPTION
Extent 379 صفحة ؛
Dimensions 24 سم
336 ## - CONTENT TYPE
Content type term نص
Content type code txt
Source rdacontent
Materials specified كتاب
337 ## - MEDIA TYPE
Media type term بدون وسيط
Media type code n
Source rdamedia
338 ## - CARRIER TYPE
Carrier type term مجلد
Carrier type code nc
Source rdacarrier
504 ## - BIBLIOGRAPHY, ETC. NOTE
Bibliography, etc. note ببليوجرافية : صفحة 355-379.
650 #7 - SUBJECT ADDED ENTRY--TOPICAL TERM
Topical term or geographic name entry element الفقه الإسلامي
Source of heading or term aucsh
650 #7 - SUBJECT ADDED ENTRY--TOPICAL TERM
Topical term or geographic name entry element أصول الفقه الإسلامي
Source of heading or term aucsh
650 #7 - SUBJECT ADDED ENTRY--TOPICAL TERM
Topical term or geographic name entry element الأحكام الشرعية
Source of heading or term aucsh
700 12 - ADDED ENTRY--PERSONAL NAME
Relationship information تحقيق لـ (عمل) :
Personal name سبط ابن الجوزي، يوسف بن قزأوغلي بن عبد الله،
Dates associated with a name 581-654 هجري.
Title of a work الإيضاح لقوانين الاصطلاح (في الجدل الأصولي الفقهي)
700 1# - ADDED ENTRY--PERSONAL NAME
Personal name السدحان، فهد محمد فهد،
Dates associated with a name 1376 هجري-
Relator term محقق.
856 4# - ELECTRONIC LOCATION AND ACCESS
Uniform Resource Identifier <a href="https://www.aruc.org/ar/digital-content/24617">https://www.aruc.org/ar/digital-content/24617</a>
942 ## - ADDED ENTRY ELEMENTS (KOHA)
Source of classification or shelving scheme Dewey Decimal Classification
Koha item type Books
Suppress in OPAC No
949 ## - LOCAL PROCESSING INFORMATION (OCLC)
a SA-JeALM
d 241102
u mohamedma123
n 1
Holdings
Withdrawn status Lost status Source of classification or shelving scheme Damaged status Not for loan Home library Current library Date acquired Total checkouts Full call number Barcode Date last seen Price effective from Koha item type
    Dewey Decimal Classification     DR AbdElwahab Library DR AbdElwahab Library 04/21/2025   251 ا ب ن ج 000012303 04/21/2025 04/21/2025 Books
    Dewey Decimal Classification     DR AbdElwahab Library DR AbdElwahab Library 09/18/2025   251 ا ب ن ج 000019185 09/18/2025 09/18/2025 Books